| 000 | 00000nam 2200000zi 4500 |
| 001 | 9.890205 |
| 003 | CaOODSP |
| 005 | 20250403110324 |
| 006 | m o d f |
| 007 | cr cn||||||||| |
| 008 | 200806t20202020onca os f000 0 fre d |
| 020 | |a9780660357423 |
| 040 | |aCaOODSP|bfre|erda|cCaOODSP |
| 043 | |an-cn--- |
| 086 | 1 |aCS11-627/2020-62F-PDF |
| 245 | 03|aLa population du Canada, 1er juillet 2020. |
| 264 | 1|a[Ottawa] : |bStatistique Canada = Statistics Canada, |c[2020] |
| 264 | 4|c©2020 |
| 300 | |a1 ressource en ligne (1 page non numérotée) : |billustrations en couleur |
| 336 | |atexte|btxt|2rdacontent/fre |
| 337 | |ainformatique|bc|2rdamedia/fre |
| 338 | |aressource en ligne|bcr|2rdacarrier/fre |
| 500 | |aPublié aussi en anglais sous le titre : Canada's population, July 1, 2020. |
| 500 | |aTitre de départ. |
| 500 | |aPublié aussi en format HTML. |
| 520 | |a« Entre le 1er avril et le 1er juillet 2020, la population du Canada a franchi la barre des 38 millions de personnes. Cependant, la hausse annuelle observée de 411 854 personnes a été la plus faible depuis 2015-2016 en raison du ralentissement de la migration internationale par la COVID-19 » -- Page [1]. |
| 655 | 7|aStatistiques|2rvmgf |
| 710 | 2 |aStatistique Canada, |eorganisme de publication. |
| 775 | 08|tCanada's population, July 1, 2020.|w(CaOODSP)9.890206 |
| 856 | 40|qPDF|s428 Ko|uhttps://publications.gc.ca/collections/collection_2020/statcan/11-627-m/11-627-m2020062-fra.pdf |
| 856 | 4 |qHTML|sS.O.|uhttps://www150.statcan.gc.ca/n1/pub/11-627-m/11-627-m2020062-fra.htm |